[Event "Karpos Open 2017"]
[Site "Skopje MKD"]
[Date "2017.04.05"]
[Round "6.3"]
[White "Korneev,O"]
[Black "Djukic,Ni"]
[Result "1-0"]
[WhiteElo "2594"]
[BlackElo "2515"]

1.e4 g6 2.d4 Bg7 3.Nf3 d6 4.Bd3 Nf6 5.O-O O-O 6.Re1 Nc6 7.h3 e5 8.c3 Re8 9.Na3
Qe7 10.Nc2 Qf8 11.Bg5 h6 12.Bd2 Bd7 13.b4 Nh7 14.b5 Nd8 15.dxe5 dxe5 16.c4 c5
17.Bc3 f6 18.Bf1 Be6 19.Ne3 Bf7 20.Nd5 Ne6 21.g3 Red8 22.h4 Qd6 23.a4 Nhf8
24.Bh3 h5 25.a5 Nd4 26.Nxd4 exd4 27.Bd2 Be6 28.Bf4 Qd7 29.Bg2 Bg4 30.Qd3 Bh3
31.Bh1 Ne6 32.a6 b6 33.Kh2 g5 34.Bd2 Rf8 35.Qe2 d3 36.Qxd3 Nd4 37.Bc3 gxh4
38.Bxd4 cxd4 39.c5 bxc5 40.b6 Be6 41.b7 Rad8 42.Rac1 Qd6 43.Qa3 f5 44.Qxc5
hxg3+ 45.fxg3 Qxa6 46.Ne7+ Kh7 47.exf5 Bd7 48.Be4 Bf6 49.Nd5 Bg5 50.f6+ {#r}
1-0

[Event "Karpos Open 2017"]
[Site "Skopje MKD"]
[Date "2017.04.05"]
[Round "6.4"]
[White "Georgiev,Ki"]
[Black "Bogdanovski,V"]
[Result "1-0"]
[WhiteElo "2633"]
[BlackElo "2388"]

1.d4 Nf6 2.Nf3 e6 3.c4 Bb4+ 4.Bd2 Bxd2+ 5.Qxd2 d5 6.Nc3 O-O 7.e3 Qe7 8.cxd5
exd5 9.Be2 b6 10.O-O Bb7 11.Rfd1 Nbd7 12.Rac1 c6 13.Ne1 c5 14.dxc5 Nxc5 15.Nf3
Rac8 16.Nd4 g6 17.h3 Rfd8 18.Qe1 a6 19.Rc2 b5 20.a3 Ncd7 21.Rdc1 Ne5 22.Bf1
Qd6 23.Qd1 Qb6 24.Be2 Rc7 25.Na4 {#r} 1-0

[Event "Karpos Open 2017"]
[Site "Skopje MKD"]
[Date "2017.04.05"]
[Round "6.5"]
[White "Rzayev,B"]
[Black "Demchenko,A"]
[Result "0-1"]
[WhiteElo "2391"]
[BlackElo "2628"]

1.e4 c5 2.Nf3 d6 3.d4 cxd4 4.Nxd4 Nf6 5.Nc3 a6 6.h3 e6 7.g4 Be7 8.Bg2 O-O
9.Be3 Nc6 10.Qe2 Nxd4 11.Bxd4 Nd7 12.O-O b5 13.e5 d5 14.a3 Bb7 15.f4 Rc8
16.Rad1 Bc5 17.Bxc5 Rxc5 18.Na2 Qb6 19.Kh2 a5 20.c3 Rc4 21.Qf2 Qc7 22.Qe3 Nc5
23.Kg1 Ne4 24.Rd4 Rxd4 25.Qxd4 h5 26.Nc1 Qe7 27.Qa7 Ra8 28.Qb6 Ba6 29.Qc6 Qa7+
30.Kh2 Rc8 {#R} 0-1

[Event "Karpos Open 2017"]
[Site "Skopje MKD"]
[Date "2017.04.05"]
[Round "6.7"]
[White "Petrosyan,M"]
[Black "Nikolic,N MNE"]
[Result "1-0"]
[WhiteElo "2546"]
[BlackElo "2379"]

1.d4 f5 2.c4 Nf6 3.Nf3 e6 4.g3 d5 5.Bg2 c6 6.O-O Bd6 7.b3 Qe7 8.Bb2 O-O 9.Qc1
b5 10.Ne5 Bb7 11.Nc3 b4 12.Na4 Nbd7 13.Nd3 Ne4 14.a3 a5 15.axb4 axb4 16.c5 Bc7
17.Nxb4 f4 18.Nc3 Rxa1 19.Bxa1 Ng5 20.Nd3 fxg3 21.hxg3 e5 22.Nxd5 cxd5 23.c6
Ba8 24.cxd7 Bb6 25.Nxe5 Ne4 26.Bb2 Qf6 27.Bxe4 dxe4 28.Qc4+ Kh8 29.Ba3 Rb8
30.d8=Q+ {#r} 1-0

[Event "Karpos Open 2017"]
[Site "Skopje MKD"]
[Date "2017.04.05"]
[Round "6.8"]
[White "Cossin,S"]
[Black "Themelis,G"]
[Result "1-0"]
[WhiteElo "2499"]
[BlackElo "1895"]

1.c4 Nf6 2.Nc3 g6 3.e4 d6 4.d4 Bg7 5.h3 O-O 6.Bg5 c5 7.d5 Qa5 8.Bd3 Nxe4
9.Bxe4 Bxc3+ 10.bxc3 Qxc3+ 11.Bd2 Qe5 12.f3 f5 13.Ne2 fxe4 14.f4 Qh5 15.Qb3 e5
16.Ng3 Qh4 17.O-O b5 18.fxe5 Rf3 19.Rxf3 exf3 20.Qxf3 Qd4+ 21.Kh2 Bf5 22.Nxf5
Qxe5+ 23.Ng3 Qxa1 24.Bc3 Qc1 25.Qf6 Qh6 26.Qe6+ Kf8 27.Qxd6+ Kg8 28.Nf5 Qf8
29.Qe6+ {#r} 1-0

[Event "Karpos Open 2017"]
[Site "Skopje MKD"]
[Date "2017.04.05"]
[Round "6.10"]
[White "Stathopoulos,I"]
[Black "Sadikhov,U"]
[Result "0-1"]
[WhiteElo "2377"]
[BlackElo "2453"]

1.d4 d6 2.Nf3 Nf6 3.c4 g6 4.Nc3 Bg7 5.e4 O-O 6.Be2 e5 7.O-O exd4 8.Nxd4 Re8
9.f3 c6 10.Kh1 Nh5 11.g4 Nf6 12.Rg1 a6 13.Bg5 h6 14.Bf4 d5 15.cxd5 cxd5 16.Nf5
Bxf5 17.gxf5 g5 18.e5 Nh5 19.Bc1 Bxe5 20.f4 Nxf4 21.Bxf4 Bxf4 22.Bh5 Nc6
23.Nxd5 Be5 24.Bxf7+ Kxf7 25.Qh5+ Kf8 26.Rad1 Nd4 27.Nf4 Qf6 28.Ng6+ Kg7 29.h4
Qc6+ 30.Rg2 Nxf5 {#R} 0-1

[Event "Karpos Open 2017"]
[Site "Skopje MKD"]
[Date "2017.04.05"]
[Round "6.11"]
[White "Erdogdu,M"]
[Black "Goriatchkin,J"]
[Result "1-0"]
[WhiteElo "2446"]
[BlackElo "2313"]

1.e4 e6 2.d4 d5 3.Nc3 Nf6 4.e5 Nfd7 5.f4 c5 6.Nf3 Nc6 7.Be3 a6 8.Qd2 b5 9.dxc5
Bxc5 10.Bd3 Qb6 11.Bf2 Bxf2+ 12.Qxf2 Qxf2+ 13.Kxf2 Nb6 14.Ne2 Bd7 15.Ned4 Na5
16.b3 Ke7 17.h4 Nb7 18.h5 h6 19.Rae1 Nc5 20.g4 Rhc8 21.Rhg1 b4 22.Ke3 Bb5
23.g5 Nxd3 24.cxd3 Rc3 25.Rd1 Nd7 26.f5 hxg5 27.Rxg5 Nc5 28.Rxg7 Rh8 29.f6+
Ke8 30.Nxb5 axb5 31.Rg4 Rxh5 32.Rxb4 Rh3 33.Rh4 Rg3 34.Kf2 Rg8 35.Rd4 Kd7
36.Rd2 Kc6 37.b4 Nd7 38.Rh4 Nf8 39.Ke3 Rc1 40.Rhh2 Rf1 41.Rc2+ Kb7 42.Rcf2 d4+
43.Kxd4 Rc1 44.Rfg2 Ng6 45.Rh7 Rc7 46.Ke4 Rd8 47.d4 Ra8 48.Ng5 Kb6 49.Nxe6
{#r} 1-0

[Event "Karpos Open 2017"]
[Site "Skopje MKD"]
[Date "2017.04.05"]
[Round "6.12"]
[White "Brokken,D"]
[Black "Nguyen,P"]
[Result "1-0"]
[WhiteElo "2370"]
[BlackElo "2444"]

1.d4 d6 2.c4 e5 3.Nc3 exd4 4.Qxd4 Nf6 5.Qd2 Nc6 6.b3 a5 7.Bb2 a4 8.Rd1 axb3
9.axb3 Be7 10.e4 O-O 11.Bd3 Re8 12.Nge2 Nd7 13.O-O Nc5 14.Bc2 Bf6 15.f3 Be6
16.f4 Na5 17.e5 dxe5 18.Bxh7+ Kh8 19.Qe3 Qe7 20.Bc2 exf4 21.Qf3 Kg8 22.Nxf4
Nd7 23.Ncd5 Qc5+ 24.Kh1 Bxb2 25.Nxe6 Ne5 26.Qh5 Rxe6 27.Qh7+ Kf8 28.Qh8# 1-0

[Event "Karpos Open 2017"]
[Site "Skopje MKD"]
[Date "2017.04.05"]
[Round "6.15"]
[White "Lazov,Toni"]
[Black "Anurag,M"]
[Result "0-1"]
[WhiteElo "2310"]
[BlackElo "2454"]

1.e4 e5 2.Nf3 Nc6 3.Bc4 Bc5 4.c3 Nf6 5.d3 a6 6.a4 Ba7 7.Bg5 h6 8.Bh4 d6 9.Nbd2
Qe7 10.O-O Bg4 11.h3 Bd7 12.b4 g5 13.Bg3 Nh5 14.Kh2 Nf4 15.b5 Na5 16.bxa6 bxa6
17.Bxa6 Ng6 18.Nc4 Nxc4 19.Bxc4 h5 20.Kh1 g4 21.Ng1 Nf4 22.h4 Ng6 23.d4 exd4
24.cxd4 Nxh4 25.e5 d5 26.Bxd5 Rd8 27.Re1 Nf5 28.Bh2 Bc8 29.Bc6+ Kf8 30.d5 Bxf2
31.Rf1 h4 32.d6 Ng3+ 33.Bxg3 hxg3+ 34.Nh3 Qxe5 35.d7 Bxd7 36.Rxf2 Rxh3+ {#R}
0-1

[Event "Karpos Open 2017"]
[Site "Skopje MKD"]
[Date "2017.04.05"]
[Round "6.16"]
[White "Biljanic,L"]
[Black "Goryachkina,A"]
[Result "0-1"]
[WhiteElo "2232"]
[BlackElo "2452"]

1.c4 Nf6 2.Nf3 e6 3.Nc3 d5 4.e3 c6 5.b3 Bd6 6.Bb2 O-O 7.Be2 Re8 8.d4 Nbd7
9.Qc2 b6 10.O-O Bb7 11.e4 Nxe4 12.Nxe4 dxe4 13.Qxe4 Nf6 14.Qh4 c5 15.Rad1 Qe7
16.Bd3 Bxf3 17.gxf3 cxd4 18.Bxd4 Rad8 19.Kh1 Qb7 20.Kg2 Be7 21.Bxf6 Bxf6
22.Qxh7+ Kf8 23.Be4 Qc7 24.Rxd8 Rxd8 25.Bc2 Ke7 26.Rd1 Rc8 27.Be4 Qb8 28.Qh5
Rc5 29.Qh7 g6 30.Bxg6 Rg5+ 31.Kh1 Rxg6 32.Rd7+ Kxd7 33.Qxf7+ Be7 34.Qxg6 Qh8
35.Kg2 a5 36.Qe4 Qg7+ 37.Kf1 Qf6 {#R} 0-1

[Event "Karpos Open 2017"]
[Site "Skopje MKD"]
[Date "2017.04.05"]
[Round "6.18"]
[White "Petrov,Martin"]
[Black "Ermeni,A"]
[Result "1-0"]
[WhiteElo "2438"]
[BlackElo "2259"]

1.e4 c6 2.d4 d5 3.e5 Bf5 4.Nf3 e6 5.Be2 c5 6.Be3 cxd4 7.Nxd4 Bg6 8.h4 h5 9.c4
dxc4 10.Nc3 Be7 11.Qa4+ Kf8 12.Bxc4 Qc8 13.O-O Nh6 14.Rac1 Ng4 15.Nce2 Nc6
16.Nf4 Ngxe5 17.Bb5 Bf5 18.Nxf5 exf5 19.Nd5 Bd6 20.Rfd1 Qe6 21.Nf4 {#r} 1-0

[Event "Karpos Open 2017"]
[Site "Skopje MKD"]
[Date "2017.04.05"]
[Round "6.19"]
[White "Gantar,J"]
[Black "Drazic,S"]
[Result "0-1"]
[WhiteElo "2220"]
[BlackElo "2431"]

1.e4 g6 2.d4 Nf6 3.e5 Nh5 4.Be2 d6 5.Nf3 Nc6 6.O-O dxe5 7.dxe5 Qxd1 8.Bxd1 Be6
9.Nc3 h6 10.h3 O-O-O 11.g4 Ng7 12.Re1 g5 13.b3 Kb8 14.Ne4 Bd5 15.Bb2 Ne6 16.c4
Bxe4 17.Rxe4 Nc5 18.Re3 Nd3 19.Bc3 e6 20.Nd4 Bc5 21.Nxc6+ bxc6 22.Rf3 Nf4
23.b4 Bd4 24.Bxd4 Rxd4 25.Bb3 h5 26.Rd1 hxg4 27.hxg4 Nh3+ 28.Kf1 Rxg4 29.Rd7
Nf4 30.Ke1 Rf8 31.Ba4 Kb7 32.c5 a6 33.a3 Rg1+ 34.Kd2 Ra1 35.Kc2 Ra2+ 36.Kc3
Re2 37.Kd4 {#R} 0-1

[Event "Karpos Open 2017"]
[Site "Skopje MKD"]
[Date "2017.04.05"]
[Round "6.22"]
[White "Janzelj,Lara"]
[Black "Petrov,Vl5"]
[Result "0-1"]
[WhiteElo "2136"]
[BlackElo "2353"]

1.d4 Nf6 2.c4 e6 3.Nf3 b6 4.a3 Bb7 5.Nc3 d5 6.cxd5 Nxd5 7.Qc2 Nd7 8.e4 Nxc3
9.bxc3 c5 10.Bd3 Qc7 11.O-O cxd4 12.cxd4 Qxc2 13.Bxc2 Rc8 14.Ba4 a6 15.Re1 b5
16.Bb3 Be7 17.d5 Nc5 18.Ba2 Nd3 19.Rd1 Nxc1 20.Raxc1 Bxa3 21.Rxc8+ Bxc8 22.d6
f6 23.e5 Bb2 24.Nd2 fxe5 25.Ne4 Rf8 26.Ng5 Bd4 27.Rc1 Bxf2+ 28.Kh1 Bd7 29.Nxe6
Rf6 30.Nxg7+ Kd8 31.Rf1 Rxd6 32.h3 Rd2 33.Bb1 Bc6 {#R} 0-1

[Event "Karpos Open 2017"]
[Site "Skopje MKD"]
[Date "2017.04.05"]
[Round "6.23"]
[White "Bjerre,Jonas"]
[Black "Yordanov,Lachezar"]
[Result "1-0"]
[WhiteElo "2342"]
[BlackElo "2243"]

1.e4 c6 2.d4 d5 3.Nc3 dxe4 4.Nxe4 Bf5 5.Ng3 Bg6 6.N1e2 e6 7.Nf4 Qc7 8.c3 Bd6
9.Qf3 Ne7 10.h4 Nd5 11.Nxd5 exd5 12.h5 Qe7+ 13.Be2 Be4 14.Nxe4 Qxe4 15.Qxe4+
dxe4 16.Rh4 f5 17.Bc4 Nd7 18.Bg5 h6 19.Bf4 Be7 20.Rh3 Bg5 21.Bd6 Nf6 22.Be6 f4
23.c4 Rd8 24.Be5 Ke7 25.Bf5 e3 26.fxe3 fxe3 27.Rd1 Rhf8 28.g4 Kf7 29.Bc7 Rc8
30.Bxc8 Rxc8 31.Bg3 Nxg4 32.Bh4 Bf6 33.Bxf6 gxf6 34.Rf3 Ke6 35.Ke2 b5 36.Rc1
b4 37.d5+ Ke5 38.d6 c5 39.Rg1 Nf2 40.Rxe3+ Ne4 41.Rg4 f5 42.Rg6 f4 43.Rd3 Ng5
44.Rd5+ Ke4 45.d7 Rd8 46.Rxh6 f3+ 47.Kf1 {#r} 1-0

[Event "Karpos Open 2017"]
[Site "Skopje MKD"]
[Date "2017.04.05"]
[Round "6.24"]
[White "Stopa,Ja"]
[Black "Kilic,Gokturk Kagan"]
[Result "0-1"]
[WhiteElo "2451"]
[BlackElo "1762"]

1.Nf3 Nf6 2.g3 g6 3.Bg2 Bg7 4.O-O O-O 5.b3 d5 6.Bb2 b6 7.Ne5 Bb7 8.e3 Nbd7
9.f4 e6 10.d3 Nxe5 11.Bxe5 Nd7 12.Bxg7 Kxg7 13.Nd2 Qe7 14.Qe2 Rae8 15.a4 a5
16.Rae1 f5 17.d4 Qb4 18.Qd3 Rc8 19.c3 Qd6 20.Nf3 c5 21.Ne5 Nxe5 22.dxe5 Qc7
23.Rb1 Bc6 24.Qe2 Rb8 25.g4 b5 26.gxf5 gxf5 27.Ra1 bxa4 28.bxa4 c4 29.Rf3 Kh8
30.Rg3 Qf7 31.Bf3 Rg8 32.Kf2 Qb7 33.Ra2 Qb1 34.Bg2 Bxa4 35.Rxg8+ Kxg8 36.Kg3
Bd1 37.Qf2 a4 38.h3 Qb7 39.Kh2 Bb3 40.Ra1 Qe7 41.Bf3 a3 42.Bh5 Kh8 43.Bf3 Ba4
44.Ra2 Rb1 45.Qg3 Rb2+ {#R} 0-1

[Event "Karpos Open 2017"]
[Site "Skopje MKD"]
[Date "2017.04.05"]
[Round "6.28"]
[White "Zlatanovic,B"]
[Black "Petrov,G MKD"]
[Result "1-0"]
[WhiteElo "2402"]
[BlackElo "2174"]

1.Nc3 d5 2.e4 c6 3.d4 dxe4 4.Nxe4 Nd7 5.Bc4 Ngf6 6.Ng5 e6 7.Qe2 Nb6 8.Bb3 h6
9.N5f3 a5 10.a4 Bd6 11.Ne5 Qc7 12.Ngf3 Nbd5 13.O-O O-O 14.c3 b6 15.Re1 Ba6
16.Qc2 c5 17.dxc5 Bxc5 18.Bd2 Rac8 19.Rad1 Bd6 20.Bc1 Rfd8 21.h3 Nb4 22.Qb1
Nbd5 23.Bc2 Bb7 24.Bd3 Nd7 25.Bh7+ Kf8 26.Nxf7 Kxf7 27.Qg6+ Kf8 28.Qxe6 N7f6
29.Nh4 Ne7 30.Rxd6 Rxd6 31.Qxe7+ Qxe7 32.Ng6+ Ke8 33.Nxe7 Rc4 34.Nf5+ Kd7
35.Re7+ {#r} 1-0

[Event "Polar Capital Jersey Open"]
[Site "St Clement Bay JCI"]
[Date "2017.04.05"]
[Round "6.3"]
[White "Waddington,M"]
[Black "Abbas,Daniel"]
[Result "0-1"]
[WhiteElo "2061"]
[BlackElo "2285"]

1.c4 c5 2.Nc3 Nc6 3.g3 g6 4.Bg2 Bg7 5.a3 b6 6.b4 Bb7 7.Rb1 Rb8 8.Qa4 Nf6 9.Nh3
Qc8 10.Nf4 cxb4 11.axb4 Ne5 12.d3 a6 13.Bxb7 Qxb7 14.O-O b5 15.cxb5 axb5
16.Qb3 O-O 17.Bb2 e6 18.Ra1 Nc6 19.Nb1 Rfc8 20.Nd2 d6 21.Ra2 Ra8 22.Rfa1 Nd8
23.Nf3 e5 24.Ng2 Nd7 25.Ne3 Nb6 26.Rxa8 Rxa8 27.Rxa8 Qxa8 28.Ng5 Na4 29.Ba1
Nb6 30.Bb2 Qc6 31.Ne4 Ne6 32.Qc2 Qd7 33.Nd2 d5 34.Nb3 Na4 35.Bc1 d4 36.Nd1 Bf8
37.Bd2 Nc7 38.Nb2 Nb6 39.Nc5 Qc6 40.Qb3 Bxc5 41.bxc5 Qxc5 42.Bb4 Qc1+ 43.Kg2
Ncd5 44.Bd6 Qc6 45.e4 dxe3 {#R} 0-1

[Event "Polar Capital Jersey Open"]
[Site "St Clement Bay JCI"]
[Date "2017.04.05"]
[Round "6.4"]
[White "Hebden,M"]
[Black "Kirby,Pe"]
[Result "1-0"]
[WhiteElo "2494"]
[BlackElo "1985"]

1.d4 Nf6 2.Bf4 g6 3.Nc3 d5 4.Qd2 Bg7 5.Bh6 O-O 6.Bxg7 Kxg7 7.e3 Nc6 8.Bb5 Qd6
9.Nge2 e5 10.Bxc6 bxc6 11.dxe5 Qxe5 12.Qd4 Qxd4 13.Nxd4 c5 14.Nb3 c4 15.Nc5 c6
16.O-O-O Ng4 17.Rd2 f5 18.b3 cxb3 19.cxb3 Re8 20.h3 Nf6 21.Rc2 Ne4 22.N3a4 Nd6
23.Kb2 f4 24.exf4 Bf5 25.Rd2 Re7 26.Nc3 Rae8 27.Rhd1 h5 28.Rd4 Re1 29.Rxe1
Rxe1 30.Rd1 Re7 31.a4 Kf6 32.Rd2 Re1 33.Ne2 Ne4 34.Nxe4+ dxe4 35.Nd4 c5 36.Nc2
Rg1 37.Ne3 Re1 38.Rc2 {#r} 1-0

[Event "Polar Capital Jersey Open"]
[Site "St Clement Bay JCI"]
[Date "2017.04.05"]
[Round "6.6"]
[White "Thalwitzer,D"]
[Black "Robertson,I"]
[Result "1-0"]
[WhiteElo "2114"]
[BlackElo "2053"]

1.e4 e6 2.d4 d5 3.e5 c5 4.c3 Nc6 5.Nf3 Nh6 6.a3 f6 7.b4 cxb4 8.cxb4 fxe5
9.dxe5 Nf7 10.Bb2 Bd7 11.Nbd2 Qb8 12.Qe2 a6 13.Nb3 b5 14.g3 Be7 15.Rc1 O-O
16.Nc5 Bxc5 17.Rxc5 Rc8 18.Bh3 Ncd8 19.Rxc8 Qxc8 20.O-O Ra7 21.Nd4 Rc7 22.f4
Rc4 23.f5 Ng5 24.Bg2 Nc6 25.Nxe6 Bxe6 26.fxe6 Qxe6 27.Qf2 h6 28.Qf8+ Kh7 29.h4
Ne4 30.Rf7 Qg6 31.e6 Nd4 32.Bxe4 dxe4 33.Bxd4 Qxg3+ 34.Kh1 Qxh4+ 35.Kg2 Qg4+
36.Kh2 Rxd4 37.e7 Rd2+ 38.Rf2 Qh4+ 39.Kg2 Rxf2+ 40.Qxf2 Qxe7 41.Qf5+ g6 42.Qc5
e3 43.Qxe7+ {#r} 1-0

[Event "Polar Capital Jersey Open"]
[Site "St Clement Bay JCI"]
[Date "2017.04.05"]
[Round "6.8"]
[White "Pleasants,A"]
[Black "Rosen,D"]
[Result "1-0"]
[WhiteElo "1982"]
[BlackElo "2047"]

1.d4 d6 2.g3 g6 3.Bg2 Bg7 4.Nf3 Nf6 5.O-O O-O 6.c4 Nbd7 7.Nc3 c6 8.h3 Qc7
9.Be3 Nb6 10.b3 a5 11.Rc1 a4 12.Qd2 axb3 13.axb3 Bd7 14.Bh6 Ra6 15.Bxg7 Kxg7
16.e4 Ng8 17.Rcd1 Rfa8 18.c5 Nc8 19.b4 Be6 20.d5 Bd7 21.Qd4+ Nf6 22.Rfe1 Kg8
23.e5 Nxd5 24.Nxd5 cxd5 25.exd6 exd6 26.Qh4 dxc5 27.Ng5 h5 28.Bxd5 Nd6 29.Qf4
Be8 30.bxc5 Qxc5 31.Rxe8+ Rxe8 32.Bxf7+ Kf8 33.Bxg6+ Ke7 34.Re1+ Kd7 35.Bxe8+
Nxe8 36.Qf7+ {#r} 1-0

[Event "Polar Capital Jersey Open"]
[Site "St Clement Bay JCI"]
[Date "2017.04.05"]
[Round "6.10"]
[White "Bakker,Joo"]
[Black "Belzo,K"]
[Result "0-1"]
[WhiteElo "1870"]
[BlackElo "2059"]

1.e4 c5 2.Ne2 Nc6 3.Nbc3 Nf6 4.g3 d5 5.exd5 Nxd5 6.Bg2 Nc7 7.O-O Nd4 8.Nxd4
cxd4 9.Ne2 d3 10.cxd3 Qxd3 11.Nf4 Qb5 12.b3 Bd7 13.Re1 O-O-O 14.Bb2 f6 15.a4
Qb6 16.a5 Qa6 17.Qc2 Kb8 18.Rac1 Rc8 19.Bf1 Qxa5 20.Bc3 Qb6 21.Ra1 e5 22.Ne2
Nd5 23.Qb2 Nxc3 24.Nxc3 Bc5 25.Ne4 Bd4 26.Qa3 Bxa1 27.Rxa1 Rc2 28.Qe7 Qd4
29.Re1 Rhc8 30.Nd6 Rxd2 {#R} 0-1

[Event "3rd Ordu Open 2017"]
[Site "Ordu TUR"]
[Date "2017.04.05"]
[Round "2.2"]
[White "Kjartansson,G"]
[Black "Zubov,A UKR"]
[Result "0-1"]
[WhiteElo "2468"]
[BlackElo "2600"]

1.e4 Nc6 2.d4 e5 3.dxe5 Nxe5 4.f4 Nc6 5.Bc4 Nf6 6.e5 d5 7.Bb3 Ng4 8.Qxd5 Qxd5
9.Bxd5 Nd4 10.Be4 Bf5 11.Bxf5 Nxf5 12.Na3 Bxa3 13.bxa3 Nd4 14.Rb1 Nxc2+ 15.Ke2
Nd4+ 16.Ke1 O-O-O 17.h3 Nh6 18.Kf2 Nhf5 19.g4 Ne7 20.Ne2 h5 21.Bb2 Nxe2
22.Kxe2 Rh6 23.f5 Ra6 24.Rbd1 Re8 25.Kf3 g6 26.Kf4 gxf5 27.gxf5 Rg8 28.Rd4 c6
29.Rc1 Rg2 30.Ba1 Rf2+ 31.Kg3 Rxf5 32.a4 Rxe5 33.Rf4 Re3+ 34.Kf2 Re6 35.Rc5 f5
36.Bg7 Kd7 37.Bf8 Nd5 38.Rh4 Ke8 39.Bg7 Kf7 40.Ba1 Rh6 41.Rc1 f4 42.Rc4 b5
43.Rcxf4+ Nxf4 44.Rxf4+ Ke8 {#R} 0-1

[Event "3rd Ordu Open 2017"]
[Site "Ordu TUR"]
[Date "2017.04.05"]
[Round "2.5"]
[White "Quparadze,G"]
[Black "Khamrakulov,D"]
[Result "0-1"]
[WhiteElo "2520"]
[BlackElo "2451"]

1.e4 c6 2.d4 d5 3.Nd2 dxe4 4.Nxe4 Bf5 5.Ng3 Bg6 6.h4 h6 7.Nf3 Nd7 8.h5 Bh7
9.Bd3 Bxd3 10.Qxd3 e6 11.Bf4 Qa5+ 12.Bd2 Bb4 13.c3 Be7 14.c4 Qb6 15.O-O-O Ngf6
16.Rhe1 Rd8 17.Qc2 O-O 18.Ne4 Qa6 19.Kb1 b5 20.Nxf6+ Nxf6 21.Rc1 Qb7 22.Be3
Rb8 23.c5 Rbd8 24.Ne5 Nd5 25.Bd2 Bf6 26.g4 Ne7 27.Re4 Rd5 28.f4 Rfd8 29.Ba5
Bxe5 30.Bxd8 Bxd4 31.Bxe7 Qxe7 32.Qe2 a5 33.a4 bxa4 34.Rc4 Bxc5 35.Qc2 Qh4
36.Qxa4 Qxg4 37.Ka2 Bb4 38.Qxc6 Qxh5 39.Qe8+ Kh7 40.Rc7 Rd2 41.Qc6 Qf3 {#R}
0-1

[Event "3rd Ordu Open 2017"]
[Site "Ordu TUR"]
[Date "2017.04.05"]
[Round "2.9"]
[White "Haznedaroglu,K"]
[Black "Manik,M"]
[Result "1-0"]
[WhiteElo "2496"]
[BlackElo "2415"]

1.d4 Nf6 2.c4 g6 3.Nc3 Bg7 4.e4 d6 5.g3 O-O 6.Bg2 Nc6 7.Nge2 e5 8.d5 Nd4 9.Be3
Nxe2 10.Qxe2 Ng4 11.Bd2 f5 12.h3 Nf6 13.O-O-O f4 14.Bf3 fxg3 15.fxg3 a6 16.g4
b5 17.g5 Nd7 18.Bg4 b4 19.Be6+ Kh8 20.Na4 Rf4 21.h4 Qe8 22.h5 Nf8 23.Bxc8 Qxa4
24.h6 Rxc8 25.hxg7+ Kxg7 26.Bxf4 exf4 27.b3 Qe8 28.Rh4 Kg8 29.Rf1 Qe5 30.Kb1
Qxg5 31.Rhxf4 Nd7 32.Qd2 Qe7 33.Qxb4 g5 34.Qc3 Qe5 35.Qg3 Rd8 36.Qg2 Qg7
37.Rf7 Qg6 38.R1f5 h6 39.Qh3 h5 40.Qe3 Re8 41.Rxg5 Kxf7 42.Rxg6 Kxg6 43.Qg3+
Kf7 44.c5 Nxc5 45.Qf4+ Ke7 46.e5 dxe5 47.Qxe5+ Kd7 48.Qf5+ {#r} 1-0

[Event "3rd Ordu Open 2017"]
[Site "Ordu TUR"]
[Date "2017.04.05"]
[Round "2.11"]
[White "Bajarani,U"]
[Black "Eminov,O"]
[Result "1-0"]
[WhiteElo "2480"]
[BlackElo "2229"]

1.d4 Nf6 2.c4 e6 3.g3 d5 4.Nf3 Be7 5.Bg2 O-O 6.O-O dxc4 7.Qc2 a6 8.a4 Nbd7
9.Rd1 Rb8 10.a5 b5 11.axb6 Bb7 12.bxc7 Qxc7 13.Bf4 Bd6 14.Bxd6 Qxd6 15.Nbd2
Nb6 16.e4 Qb4 17.Ne5 Rfd8 18.Qc3 Qb5 19.Re1 Rbc8 20.Ra5 Qe8 21.Qb4 Rc6 22.Nxc6
Qxc6 23.Rc5 Qd6 24.e5 Qxd4 25.Bxb7 Ng4 26.Re2 {#r} 1-0

[Event "3rd Ordu Open 2017"]
[Site "Ordu TUR"]
[Date "2017.04.05"]
[Round "2.12"]
[White "Iyti,B"]
[Black "Aydin,H"]
[Result "1-0"]
[WhiteElo "2310"]
[BlackElo "1721"]

1.d4 Nf6 2.Nf3 g6 3.Bg5 Bg7 4.Nbd2 d5 5.e3 O-O 6.c4 Ne4 7.Bh4 c5 8.cxd5 Nxd2
9.Qxd2 cxd4 10.e4 Qb6 11.Bc4 e5 12.O-O Bg4 13.Ne1 Na6 14.b3 Rac8 15.a4 Rc7
16.f3 Bd7 17.Be7 Re8 18.a5 Bf8 {#r} 1-0

[Event "3rd Ordu Open 2017"]
[Site "Ordu TUR"]
[Date "2017.04.05"]
[Round "2.13"]
[White "Radovanovic,Nik"]
[Black "Vural,Salih"]
[Result "1-0"]
[WhiteElo "2416"]
[BlackElo "1536"]

1.d4 d5 2.c4 e6 3.Nc3 Nf6 4.Bg5 Be7 5.Nf3 c6 6.e3 h6 7.Bh4 O-O 8.Bd3 dxc4
9.Bxc4 Nd5 10.Bxe7 Qxe7 11.Rc1 Nd7 12.O-O N7f6 13.Bd3 Bd7 14.Bb1 Nxc3 15.Rxc3
Rfc8 16.Qc2 g6 17.e4 Qf8 18.Qd2 Kg7 19.Ne5 Qe7 20.Rg3 Kh7 21.Rh3 h5 22.Qg5 Re8
23.Nxg6 fxg6 24.e5 Qf7 {#r} 1-0

[Event "3rd Ordu Open 2017"]
[Site "Ordu TUR"]
[Date "2017.04.05"]
[Round "2.14"]
[White "Dogan,N"]
[Black "Karaokcu,Erkin"]
[Result "0-1"]
[WhiteElo "2220"]
[BlackElo "2173"]

1.e4 c5 2.Nf3 d6 3.d4 cxd4 4.Nxd4 Nf6 5.Nc3 g6 6.Be3 Bg7 7.f3 O-O 8.Qd2 Nc6
9.O-O-O d5 10.exd5 Nxd5 11.Nxc6 bxc6 12.Bd4 Bxd4 13.Qxd4 Qb6 14.Na4 Qc7 15.Bc4
Rd8 16.Qc5 Qf4+ 17.Kb1 Bf5 18.Bb3 Rab8 19.Qxa7 Rxb3 20.Rxd5 Rxb2+ 21.Nxb2 cxd5
22.Qxe7 Rc8 23.Re1 Rxc2 {#R} 0-1

[Event "3rd Ordu Open 2017"]
[Site "Ordu TUR"]
[Date "2017.04.05"]
[Round "2.15"]
[White "Karagollu,A"]
[Black "Hereklioglu,Sude"]
[Result "1-0"]
[WhiteElo "2103"]
[BlackElo "1856"]

1.b3 Nf6 2.Bb2 e6 3.e3 Be7 4.f4 O-O 5.Nf3 b6 6.Be2 Bb7 7.O-O c5 8.c4 d5 9.Ne5
Ne8 10.cxd5 exd5 11.Bg4 d4 12.exd4 cxd4 13.Bf3 Bd5 14.d3 f6 15.Nc4 Nc6 16.Nbd2
Nc7 17.Rc1 Nb4 18.Ne4 f5 19.Ng3 Nxa2 20.Ra1 Nc3 21.Bxc3 dxc3 22.Ne5 Bxf3
23.Qxf3 Bc5+ 24.Kh1 Ne6 25.Ne2 Bd4 26.Qc6 Nc5 27.Nxd4 Qxd4 28.b4 Nxd3 29.Nxd3
Qxd3 30.Rf3 Qd4 31.Rxc3 Qxb4 32.Rac1 Qxf4 33.Qd5+ Kh8 34.h3 h6 35.Rc4 Qg5
36.Rc7 a5 37.Qd4 b5 38.R7c6 a4 39.h4 Qg4 40.Rxh6+ Kg8 41.Qd5+ Rf7 42.Qxa8+ Rf8
43.Qd5+ Rf7 44.Rc8# 1-0

[Event "3rd Ordu Open 2017"]
[Site "Ordu TUR"]
[Date "2017.04.05"]
[Round "2.16"]
[White "Duran,Esma Doga"]
[Black "Zarinfam,A"]
[Result "1-0"]
[WhiteElo "1847"]
[BlackElo "2188"]

1.d4 Nf6 2.c4 e6 3.Nf3 d5 4.Nc3 Nbd7 5.Bg5 Bb4 6.cxd5 exd5 7.Qb3 c5 8.e3 Qa5
9.Nd2 O-O 10.Be2 Re8 11.Bxf6 Nxf6 12.dxc5 Bf5 13.a3 Bxc5 14.O-O Rab8 15.Rfd1
Red8 16.Nf3 Be4 17.Rac1 Bf8 18.Nd4 a6 19.Qa4 Qb6 20.b4 Rbc8 21.Qb3 h5 22.Na4
Qd6 23.Nc5 Qe7 24.Bf3 Rb8 25.Be2 h4 26.Nxe4 Qxe4 27.Bf3 Qe5 28.Qc3 Bd6 29.g3
Qg5 30.Qd3 g6 31.Ne2 Kg7 32.Qd4 hxg3 33.hxg3 Rh8 34.Bxd5 Be5 35.Qc4 Qh5 36.Bg2
Ng4 37.Nf4 Qh2+ 38.Kf1 Nxe3+ 39.fxe3 Qxg3 40.Rd7 Rbe8 41.Qxf7+ Kh6 42.Rc4 Ref8
43.Qe6 Bxf4 44.Rxf4 Rxf4+ 45.exf4 Qxf4+ 46.Ke2 Rf8 47.Qe3 a5 48.b5 {#r} 1-0

[Event "3rd Ordu Open 2017"]
[Site "Ordu TUR"]
[Date "2017.04.05"]
[Round "2.17"]
[White "Tereladze,S"]
[Black "Aydogdu,Cagatay"]
[Result "1-0"]
[WhiteElo "2141"]
[BlackElo "1820"]

1.d4 Nf6 2.Nf3 e6 3.Bf4 d5 4.e3 c5 5.Nc3 Bd7 6.Be2 cxd4 7.exd4 Qb6 8.Rb1 Be7
9.O-O O-O 10.a3 a6 11.Qd2 Bb5 12.Nxb5 axb5 13.c3 Qc6 14.Qd3 Qc4 15.Qc2 Qa4
16.Qd3 Qc4 17.Nd2 Qxd3 18.Bxd3 Ra5 19.Bc7 Ra8 20.Bxb5 Na6 21.Bf4 Rfc8 22.Rfe1
Nc7 23.Bd3 Nce8 24.h3 Nd6 25.g4 Nc4 26.Nxc4 dxc4 27.Be4 Nxe4 28.Rxe4 Ra5
29.Rd1 Rb5 30.Rd2 Bf8 31.Be5 Rc6 32.Ree2 Rcb6 33.Kg2 h6 34.Kf3 Be7 35.Bc7 Rc6
36.Bf4 Bf6 37.Be3 Kh7 38.Kg3 h5 39.f4 hxg4 40.hxg4 Kg6 41.Rh2 Be7 42.d5 Rxd5
43.Rxd5 exd5 44.f5+ {#r} 1-0